Normal view
MARC view
- معاجم - حكم - أمثال - أقوال
Entry Topical Term
001 - CONTROL NUMBER
- control field: 33531
003 - CONTROL NUMBER IDENTIFIER
- control field: JO-AjAnu
005 - DATE AND TIME OF LATEST TRANSACTION
- control field: 20230606075626.0
008 - FIXED-LENGTH DATA ELEMENTS
- fixed length control field: 230606|| aca||aabn | a|a d
040 ## - CATALOGING SOURCE
- Original cataloging agency: JO-AjAnu
- Transcribing agency: JO-AjAnu
150 ## - HEADING--TOPICAL TERM
- Topical term or geographic name entry element: معاجم - حكم - أمثال - أقوال
670 ## - SOURCE DATA FOUND
- Source citation: Work cat.: (JO-AjAnu)17226: إعداد عيد، أمجد, author 33530, معجم الحكم والأمثال والأقوال الخالدة: آيات قرآنية - أحاديث نبوية - شعر ونثر - أشعار الحكم والأمثال والأقوال